Japanese Hiragana Quiz Stats

 Plays Quiz Updated Feb 20, 2018

Score 0/46 Timer 03:00
422 Plays Today
Hiragana English Syllable % Correct
i
88.6%
ku
88.2%
n
87.8%
a
87.6%
shi
87.2%
no
86.9%
e
86.9%
u
86.8%
ka
86.2%
o
85.6%
su
84.7%
tsu
84.6%
to
84.1%
fu
84%
ko
83.5%
te
82.9%
chi
82.6%
se
82.5%
hi
82.4%
ta
82.1%
ki
81.6%
he
81.4%
so
80.8%
Hiragana English Syllable % Correct
sa
80.3%
yo
79.6%
ya
79.6%
ni
79.4%
ru
79.2%
na
79.2%
ma
78.8%
ro
78.5%
ha
78.1%
ke
77.9%
nu
77.3%
ri
77.2%
mu
76.8%
mo
76.8%
ra
76.4%
yu
76%
ho
75.4%
mi
75.4%
me
75.3%
wo
75%
ne
74.1%
wa
73.4%
re
70.8%

You're not logged in!

Compare scores with friends on all Sporcle quizzes.
OR
Log In

Sporcle TV

Today on Sporcle TV


Watch our educational content, quiz creation guides, and fun videos on Sporcle TV.

Show Comments

Extras

Top Quizzes Today


Score Distribution

Your Account Isn't Verified!

In order to create a playlist on Sporcle, you need to verify the email address you used during registration. Go to your Sporcle Settings to finish the process.

Report this User

Report this user for behavior that violates our Community Guidelines.

Details: